| 000 | 00635nam a22001937a 4500 | ||
|---|---|---|---|
| 003 | DO-SdBNP | ||
| 005 | 20171128152443.0 | ||
| 008 | 171128b 1990 xx||| 00| 0 spa d | ||
| 040 |
_aBPMSU _bspa _cBPMSU |
||
| 082 |
_axxxxx _bxxxxx |
||
| 100 | 1 | _aMary Samon, Albert Joseph | |
| 245 | 1 |
_aNuestra señora dice : _bamén a la gente / _cAlbert Joseph Mary Shamon ; traducción Patricia Cjávez Iniestra |
|
| 260 |
_aEstados Unidos : _bThe Riehle Foundation, _c1990. |
||
| 300 |
_a75 p. ; _c21 cm. |
||
| 700 | 1 |
_aChávez Iniestra, Patricia, _etr. |
|
| 942 |
_2ddc _cBK |
||
| 945 | _aInventariado extranjero / 2017 BT | ||
| 956 |
_aBPMSU _bspa _cBPMSU |
||
| 999 |
_c13182 _d13182 |
||